| 000 | 00586nam a2200193Ia 4500 | ||
|---|---|---|---|
| 003 | GCL | ||
| 008 | 140319s9999 xx 000 0 ara d | ||
| 040 |
_aGCL / _cGCL |
||
| 082 | 0 | 4 |
_a631.6 _bع ا |
| 100 | 1 | _aعبدالمنعم بلبع | |
| 245 | 1 | 0 |
_aاستزراع الصحارى والمناطق الجافة فى مصر والوطن العربى / _cعبدالمنعم بلبع |
| 300 | _a497 ص | ||
| 490 | _a | ||
| 650 | 0 | 4 | _aمصر |
| 650 | 0 | 4 | _aالعالم العربى |
| 650 | 0 | 4 | _aاصلاح الاراضى |
| 650 | 0 | 4 | _aالاراضى الجافة |
| 942 |
_2ddc _cBK |
||
| 999 |
_c41210 _d41210 |
||